Piłka nożna - Liga mistrzów - Nagła śmierć - Statystyki

Ogólne statystyki
  • Ten quiz został rozwiązany 5 270 razy
  • Średni wynik to 9 z 22
Answers on the Grid
Answers color-coded by a green-red scale on the quiz's grid according to % correct below.
Robert Lewandowski
Lionel Messi
Erling Haaland
Francesco Totti
Roberto Firmino
Lorenzo Insigne
Ronaldinho
Zinedine Zidane
Patrick Vieira
Kai Havertz
Cesc Fabregas
Ousmane Dembele
Gianluigi Buffon
Toni Kroos
Arjen Robben
Cristiano Ronaldo
Marco Reus
Ederson
Thierry Henry
Javier Zanetti
Johan Cruyff
Piotr Zieliński
Deco
Didier Drogba
Miroslav Klose
Paolo Maldini
Steven Gerrard
David de Gea
Zlatan Ibrahimović
Paul Scholes
Luis Suarez
Keylor Navas
 
Statystyki odpowiedzi
Odpowiedź % Poprawnych
Lionel Messi
94%
Robert Lewandowski
94%
Erling Haaland
83%
Zinedine Zidane
67%
Ronaldinho
63%
Roberto Firmino
59%
Ousmane Dembele
42%
Cristiano Ronaldo
41%
Toni Kroos
40%
Kai Havertz
37%
Luis Suarez
36%
Arjen Robben
32%
Keylor Navas
31%
Ederson
27%
Didier Drogba
26%
Paolo Maldini
25%
Steven Gerrard
22%
Johan Cruyff
21%
Thierry Henry
21%
Paul Scholes
20%
Javier Zanetti
17%
Deco
15%
Nie znaleziono quizów pasujących do podanych kryteriów
Rozkład punktacji
Procent ludzi z każdym wynikiem
Percentyl według liczby udzielonych odpowiedzi
Twoja historia wyników
Nie rozwiązałeś tego quizu